00838nam a2200205 a 4500001000900000005001700009008004100026040001800067050002100085100001800106245014600124260005900270300002400329500012400353500001500477650005900492650004200551700002000593700001900613BRCA_78520190320203141.0790530s1979 txua---##b---#000-0#eng-# aDLCcDLCdDLC 4aND253b.B36 19791 aBantel, Linda10aSpain and New SpainbMexican Colonial Arts in Their European ContextcLinda Bantel and Marcus B. Burke ; historical preface by Roberto White. aCorpus Christi, TexasbArt Museum of South Texasc1979 a146 p.bil.c28 cm. aCatálogo de la exposición realizada en The Art Museum of South (Corpus Christi, Texas), 15 febrero - 30 abril, 1979 aFotocopias14aArtevExposicionesyColonia, 1540-1821zNueva España14aPinturayColonia, 1540-1821zMéxico1 aBurke, Marcus B1 aWhite, Roberto